000 00314nam a2200133Ia 4500
008 240624s9999 xx 000 0 und d
041 _aeng
082 _a519.5 IAC
100 _aIACOBUCCI DAWN
245 _aMEDIATION ANALYSIS VOLUME 156
260 _c2008
_aNew Delhi
_bSage
300 _a104 p.
365 _c
_b32
999 _c30198
_d30198